000 00814nam0a22002531 4500
001 rc\2774048
005 20250806204609.0
035 _a(NLR Aleph) 006900367
090 _a29124
_c29124
100 _a20110915d1941 u y0rusy50 ca
101 0 _arus
102 _aRU
105 _ay z |||||
200 1 _aПризывнику о комплексе ГТО
_fСт. лейтенант В. И. Сухоцкий
210 _aМосква
_cФизкультура и спорт
_d1941
215 _a12 с.
_d14 см.
700 1 _aСухоцкий
_bВ.И.
_f1907-
_gВиктор Иосифович
801 0 _aRU
_bNLR
_gpsbo
801 1 _aRU
_bELAR
_2rusmarc
852 _aNLR
_jВ40 Г-2/29
942 _cBOOK
945 _aРоссийская национальная библиотека
980 _aNB
980 _aBV